समाज-सुधारकों के प्रेरक प्रसंग / (Record no. 120616)
[ view plain ]
| 000 -LEADER | |
|---|---|
| fixed length control field | 01083nam a22002537a 4500 |
| 005 - DATE AND TIME OF LATEST TRANSACTION | |
| control field | 20170124103200.0 |
| 010 ## - LIBRARY OF CONGRESS CONTROL NUMBER | |
| LC control number | A-475460 |
| 020 ## - INTERNATIONAL STANDARD BOOK NUMBER | |
| Terms of availability | 12.00 |
| 035 ## - SYSTEM CONTROL NUMBER | |
| System control number | A-475460 |
| 037 ## - SOURCE OF ACQUISITION | |
| Source of stock number/acquisition | Cen Lib/Ret |
| 040 ## - CATALOGING SOURCE | |
| Original cataloging agency | DPL |
| Language of cataloging | HN |
| 082 ## - DEWEY DECIMAL CLASSIFICATION NUMBER | |
| Classification number | 303.484092 |
| Item number | गुप्तसु |
| 100 ## - MAIN ENTRY--PERSONAL NAME | |
| Personal name | गुप्त, सुखपाल |
| 9 (RLIN) | 112170 |
| 245 ## - TITLE STATEMENT | |
| Title | समाज-सुधारकों के प्रेरक प्रसंग / |
| Statement of responsibility, etc | सुखपाल गुप्त |
| 246 ## - VARYING FORM OF TITLE | |
| Title proper/short title | Samaj sudharakon ke prerak prasag / |
| Remainder of title | by Sukhapal Gupt |
| 260 ## - PUBLICATION, DISTRIBUTION, ETC. (IMPRINT) | |
| Name of publisher, distributor, etc | आर्य बुक डिपो |
| Place of publication, distribution, etc | नयी दिल्ली |
| Date of publication, distribution, etc | 1991 |
| 270 ## - ADDRESS | |
| Address | करोल बाग |
| City | नयी दिल्ली |
| Postal code | 110005 |
| 300 ## - PHYSICAL DESCRIPTION | |
| Extent | 88पृ. |
| Dimensions | 20सेमी(अजिल्द ) |
| 650 ## - SUBJECT ADDED ENTRY--TOPICAL TERM | |
| Topical term or geographic name as entry element | समाज सुधारक--भारत |
| General subdivision | |
| Geographic subdivision | |
| 9 (RLIN) | 91576 |
| 650 ## - SUBJECT ADDED ENTRY--TOPICAL TERM | |
| Topical term or geographic name as entry element | भाषण समाज सुधारक |
| 9 (RLIN) | 82048 |
| 650 ## - SUBJECT ADDED ENTRY--TOPICAL TERM | |
| Topical term or geographic name as entry element | Social reformer - India |
| 9 (RLIN) | 91577 |
| 650 ## - SUBJECT ADDED ENTRY--TOPICAL TERM | |
| Topical term or geographic name as entry element | Speech social reformer |
| 9 (RLIN) | 91578 |
| 942 ## - ADDED ENTRY ELEMENTS (KOHA) | |
| Source of classification or shelving scheme | Dewey Decimal Classification |
| Koha item type | Hindi Books |
| Classification part | 303.484092 |
| Call number suffix | गुप्तसु |
| Withdrawn status | Lost status | Damaged status | Not for loan | Home library | Current library | Date acquired | Source of acquisition | Cost, normal purchase price | Total Checkouts | Full call number | Barcode | Date last seen | Copy number | Cost, replacement price | Price effective from | Koha item type |
|---|---|---|---|---|---|---|---|---|---|---|---|---|---|---|---|---|
| Central Library | Central Library | 23/09/2015 | Cen Lib/Ref | 12.00 | 303.484092 गुप्तसु | A-475460 | 23/09/2015 | 1 | 12.00 | 23/09/2015 | Hindi Books |
